<?xml version="1.0" encoding="UTF-8"?>
<collection xmlns="http://www.loc.gov/MARC21/slim">
    <record>
        <controlfield tag="001">65595</controlfield>
        <controlfield tag="005">20180221134250.0</controlfield>
        <datafield tag="024" ind1="8" ind2=" ">
            <subfield code="2">sideral</subfield>
            <subfield code="a">98002</subfield>
        </datafield>
        <datafield tag="037" ind1=" " ind2=" ">
            <subfield code="a">ART-2013-98002</subfield>
        </datafield>
        <datafield tag="041" ind1=" " ind2=" ">
            <subfield code="a">spa</subfield>
        </datafield>
        <datafield tag="100" ind1=" " ind2=" ">
            <subfield code="0">(orcid)0000-0002-5246-366X</subfield>
            <subfield code="a">Osácar, María Cinta</subfield>
            <subfield code="u">Universidad de Zaragoza</subfield>
        </datafield>
        <datafield tag="245" ind1=" " ind2=" ">
            <subfield code="a">Geoquímica de elementos trazas en espeleotemas con laminación estacional de las cuevas de Ortigosa de Cameros (La Rioja)</subfield>
        </datafield>
        <datafield tag="260" ind1=" " ind2=" ">
            <subfield code="c">2013</subfield>
        </datafield>
        <datafield tag="506" ind1="0" ind2=" ">
            <subfield code="a">Access copy available to the general public</subfield>
            <subfield code="f">Unrestricted</subfield>
        </datafield>
        <datafield tag="520" ind1="3" ind2=" ">
            <subfield code="a">The concentration of several trace elements (Mg, Ba, Sr,Al, Si and P) has been analyzed in two speleothems, corresponding to MIS-5 and MIS-1 according to U/Th dating, and one recent deposit, experimentally recorded. All them belong to La Paz cave in Ortigosa de Cameros (La Rioja). The analyzed trace element content displays a seasonality that agrees with the speleothem lamination.Trace element concentration is higher in the dark laminae, formed during the fall-winter season. This content is linked to the flushing into the cave of organic matter from soil activity, in fall, when precipitation resumes. Mg/Ca and Sr/Ca evolutions point to a decrease of humidity during MIS-5 with respect to MIS-1, whereas at present aridity increases, probably in relation to an enlarging of the seasonal contrast.   

Se estudia la concentración de varios elementos traza (Mg, Ba, Sr,Al, Si y P) en dos espeleotemas, datados por U/Th como MIS-5 y MIS-1, y en un depósito actual, de origen experimental, todos ellos de la cueva de La Paz en Ortigosa de Cameros (La Rioja). Los elementos analizados muestran una estacionalidad acorde con la laminación de los depósitos. La concentración de trazas es mayor en las láminas oscuras, correspondientes a otoño-invierno, asociada a la materia orgánica procedente de la actividad edáfica, que es introducida por las precipitaciones de otoño, tras la sequía estival. Las evoluciones de Mg/Ca y Sr/Ca indican una disminución de la humedad durante el MIS-5 respecto al MIS-1, mientras que en la actualidad hay un aumento de la aridez. Estas variaciones podrían estar influenciadas por modificaciones del contraste estacional.</subfield>
        </datafield>
        <datafield tag="536" ind1=" " ind2=" ">
            <subfield code="9">info:eu-repo/grantAgreement/ES/MICINN/CGL2009-10455-BTE</subfield>
        </datafield>
        <datafield tag="540" ind1=" " ind2=" ">
            <subfield code="9">info:eu-repo/semantics/openAccess</subfield>
            <subfield code="a">by</subfield>
            <subfield code="u">http://creativecommons.org/licenses/by/3.0/es/</subfield>
        </datafield>
        <datafield tag="655" ind1=" " ind2="4">
            <subfield code="a">info:eu-repo/semantics/article</subfield>
            <subfield code="v">info:eu-repo/semantics/publishedVersion</subfield>
        </datafield>
        <datafield tag="700" ind1=" " ind2=" ">
            <subfield code="0">(orcid)0000-0002-1304-2264</subfield>
            <subfield code="a">Sancho, Carlos</subfield>
            <subfield code="u">Universidad de Zaragoza</subfield>
        </datafield>
        <datafield tag="700" ind1=" " ind2=" ">
            <subfield code="0">(orcid)0000-0001-5700-6495</subfield>
            <subfield code="a">Muñoz, Arsenio</subfield>
            <subfield code="u">Universidad de Zaragoza</subfield>
        </datafield>
        <datafield tag="700" ind1=" " ind2=" ">
            <subfield code="a">Stoll, Heather</subfield>
        </datafield>
        <datafield tag="700" ind1=" " ind2=" ">
            <subfield code="0">(orcid)0000-0001-7357-584X</subfield>
            <subfield code="a">Moreno, Ana</subfield>
            <subfield code="u">Universidad de Zaragoza</subfield>
        </datafield>
        <datafield tag="700" ind1=" " ind2=" ">
            <subfield code="a">Bartolomé, Miguel</subfield>
        </datafield>
        <datafield tag="700" ind1=" " ind2=" ">
            <subfield code="a">Cacho, Isabel</subfield>
        </datafield>
        <datafield tag="710" ind1="2" ind2=" ">
            <subfield code="1">2000</subfield>
            <subfield code="2">427</subfield>
            <subfield code="a">Universidad de Zaragoza</subfield>
            <subfield code="b">Departamento de Ciencias de la Tierra</subfield>
            <subfield code="c">Geodinámica Externa</subfield>
        </datafield>
        <datafield tag="710" ind1="2" ind2=" ">
            <subfield code="1">2000</subfield>
            <subfield code="2">280</subfield>
            <subfield code="a">Universidad de Zaragoza</subfield>
            <subfield code="b">Departamento de Ciencias de la Tierra</subfield>
            <subfield code="c">Estratigrafía</subfield>
        </datafield>
        <datafield tag="710" ind1="2" ind2=" ">
            <subfield code="1">2000</subfield>
            <subfield code="2">120</subfield>
            <subfield code="a">Universidad de Zaragoza</subfield>
            <subfield code="b">Departamento de Ciencias de la Tierra</subfield>
            <subfield code="c">Cristalografía y Mineralogía</subfield>
        </datafield>
        <datafield tag="773" ind1=" " ind2=" ">
            <subfield code="g">53 (2013), 109-112</subfield>
            <subfield code="p">Geogaceta</subfield>
            <subfield code="t">Geogaceta</subfield>
            <subfield code="x">0213-683X</subfield>
        </datafield>
        <datafield tag="856" ind1="4" ind2=" ">
            <subfield code="s">347036</subfield>
            <subfield code="u">http://zaguan.unizar.es/record/65595/files/texto_completo.pdf</subfield>
            <subfield code="y">Versión publicada</subfield>
        </datafield>
        <datafield tag="856" ind1="4" ind2=" ">
            <subfield code="s">8683</subfield>
            <subfield code="u">http://zaguan.unizar.es/record/65595/files/texto_completo.jpg?subformat=icon</subfield>
            <subfield code="x">icon</subfield>
            <subfield code="y">Versión publicada</subfield>
        </datafield>
        <datafield tag="909" ind1="C" ind2="O">
            <subfield code="o">oai:zaguan.unizar.es:65595</subfield>
            <subfield code="p">articulos</subfield>
            <subfield code="p">driver</subfield>
        </datafield>
        <datafield tag="951" ind1=" " ind2=" ">
            <subfield code="a">2018-02-20-13:04:01</subfield>
        </datafield>
        <datafield tag="980" ind1=" " ind2=" ">
            <subfield code="a">ARTICLE</subfield>
        </datafield>
    </record>

    
</collection>